Lectiones philosophiae moralis quas in Scholis Colegii Urbani de Propaganda Fide habebat Raymundus Volpi ejusdem philosophiae professor

Detalles Bibliográficos
Autor principal: Volpi, Raimondo
Formato: Libro
Lenguaje:Latin
Publicado: Romae : ex Typographia Polyglotta S. C. de Propaganda Fide, 1899-1900.
Materias:
Colección:Banco de datos
Acervo:Seminario Conciliar de Nuestra Señora de Guadalupe Querétaro. Qro.. Biblioteca Florencio Rosas. Fondo Histórico
Descripción Física:2 t. ; 24 cm.
Tema general:Ética
Notas:Texto con signaturas y notas a pie de página. Cada tomo con portada y paginación propias. El t. 1 publicado en 1899; t. 2: 1900. Paginación: t. 1 VI, 202 p., [1] h.; t. 2 200 p. Encuadernación holandesa. Los t. 1 y 2 encuadernados en un volumen
LEADER 01038nam a22001930004500
035 |a 666 
041 0 |a lat  
100 1 |a Volpi, Raimondo 
245 1 0 |a Lectiones philosophiae moralis quas in Scholis Colegii Urbani de Propaganda Fide habebat Raymundus Volpi ejusdem philosophiae professor 
260 |a Romae : ex Typographia Polyglotta S. C. de Propaganda Fide, 1899-1900.  
300 |a 2 t. ; 24 cm.  
500 |a Texto con signaturas y notas a pie de página. Cada tomo con portada y paginación propias. El t. 1 publicado en 1899; t. 2: 1900. Paginación: t. 1 VI, 202 p., [1] h.; t. 2 200 p. Encuadernación holandesa. Los t. 1 y 2 encuadernados en un volumen 
504 |a Incluyen índice de contenido  
505 0 0 |a t. 1 Complectens partem generalem.-- t. 2 Complectens partem specialem  
650 1 0 |a Ética 
949 |a Fondo Histórico: t. 1 (974); t. 2 (974) 
942 |c Q.R.H.T 
943 |g Seminario Conciliar de Nuestra Señora de Guadalupe Querétaro. Qro.. Biblioteca Florencio Rosas. Fondo Histórico 
999 |c 1082121  |d 1082121